Obchodně politické zpravodajství

Na minha lista:
Detalhes bibliográficos
Formato: Periódico
Idioma:tcheco
Publicado em: Praha Československá obchodní a průmyslová komora
Tags: Adicionar Tag
Sem tags, seja o primeiro a adicionar uma tag!

MARC

LEADER 00000nas1a22000001 4500
001 s120980
005 20230403103237.2
041 0 |a cze 
044 |a CZ 
245 1 0 |a Obchodně politické zpravodajství 
264 1 |a Praha  |b Československá obchodní a průmyslová komora